Statistics for Terrorism around the world

Click here to take the quiz!

General Stats

  • This quiz has been taken 18 times
  • The average score is 11 of 21

Answer Stats

YearAnswer% Correct
1019Iraq
94%
2020Somalia
94%
2021Afghanistan
88%
2017Syria
81%
2018Libya
69%
2018Nigeria
69%
2019Pakistan
69%
2019Yemen
69%
2019Egypt
63%
2020Israel
63%
2021India
50%
2018Philippines
50%
2019Turkey
50%
2018Mali
38%
2019Burkina Faso
25%
2022Colombia
25%
2020Mozambique
25%
2021Sri Lanka
25%
2020Cameroon
19%
2020Kongo
0%
2020Swaziland
0%

Score Distribution

Percentile by Number Answered

Percent of People with Each Score

Your Score History

You have not taken this quiz